[Event "Play for Durgesh Fundraiser Blitz"]
[Site "Vishy Anand Arena"]
[Date "2020.09.19"]
[Round "1"]
[White "Vaishnavi0309"]
[Black "AyushR"]
[Result "0-1"]
[WhiteElo "1412"]
[BlackElo "1620"]
[Annotator "NA"]
[PlyCount "104"]
[EventDate "2020.09.19"]
[EventType "swiss (blitz)"]

1. e4 e5 2. Nf3 Nc6 3. Nc3 Nf6 4. d4 exd4 5. Nxd4 d6 6. Nxc6 bxc6 7. Bd3 Be7 8. O-O O-O 9. Bg5 Re8 10. h3 h6 11. Bf4 Be6 12. Re1 Rb8 13. b3 Nd7 14. Rb1 Bf6 15. Ne2 Ne5 16. Ng3 Nxd3 17. Qxd3 Bd7 18. Nh5 Bg5 19. Bxg5 Qxg5 20. Ng3 h5 21. Qe3 Qg6 22. Qf4 Rb5 23. c4 Rg5 24. Re3 Rge5 25. Rbe1 Qg5 26. Qxg5 Rxg5 27. Ne2 Re7 28. Nf4 Rge5 29. Nd3 Rg5 30. Nf4 c5 31. Nd5 Ree5 32. Nxc7 Bc6 33. Nd5 Bb7 34. R1e2 Re8 35. f3 Bc8 36. Nc7 Re7 37. Nd5 Ree5 38. Kh2 Re8 39. Nc7 Re7 40. Nb5 Rd7 41. Rd3 Rg6 42. Red2 Bb7 43. Rxd6 Re7 44. Rxg6 fxg6 45. Rd8+ Kh7 46. Nd6 Bc6 47. Rc8 Bd7 48. Rc7 Kg8 49. Nb5 Kf8 50. Nxa7 Bxh3 51. Rxe7 Kxe7 52. gxh3 Kf6 0-1

[Event "Play for Durgesh Fundraiser Blitz"]
[Site "Vishy Anand Arena"]
[Date "2020.09.19"]
[Round "1"]
[White "VenkChess"]
[Black "Sans360"]
[Result "0-1"]
[WhiteElo "1400"]
[BlackElo "1406"]
[Annotator "NA"]
[PlyCount "80"]
[EventDate "2020.09.19"]
[EventType "swiss (blitz)"]

1. d4 Nf6 2. c4 e6 3. Nf3 d5 4. Nc3 b6 5. cxd5 exd5 6. Bg5 Be6 7. Qc2 h6 8. Bh4 Nbd7 9. e3 c5 10. Bd3 c4 11. Be2 a6 12. a4 Bb4 13. O-O O-O 14. e4 Bxc3 15. bxc3 dxe4 16. Ne5 Bf5 17. Bxc4 Bg6 18. Qe2 Kh7 19. Nxg6 fxg6 20. Bxa6 g5 21. Bg3 Nb8 22. Bb5 Na6 23. Bxa6 Ra7 24. Bb5 Nd5 25. Qxe4+ g6 26. Rac1 Re7 27. Qb1 Qc8 28. Bd3 Rf6 29. Be5 Rc6 30. Bb5 Nxc3 31. Qb2 Nxb5 32. Rxc6 Qxc6 33. axb5 Qd5 34. h3 Rf7 35. Qd2 Qxb5 36. Qd1 Qd5 37. Re1 Qa2 38. Qb1 Qxf2+ 39. Kh1 Qd2 40. Rd1 Qf2 0-1

[Event "Play for Durgesh Fundraiser Blitz"]
[Site "Vishy Anand Arena"]
[Date "2020.09.19"]
[Round "1"]
[White "Abhishek20082000"]
[Black "Suyu28"]
[Result "0-1"]
[WhiteElo "1398"]
[BlackElo "2179"]
[Annotator "NA"]
[PlyCount "72"]
[EventDate "2020.09.19"]
[EventType "swiss (blitz)"]

1. d4 d5 2. e3 Nf6 3. c4 c6 4. Nc3 e6 5. cxd5 exd5 6. Nf3 Bf5 7. g3 Nbd7 8. Bg2 Bd6 9. O-O h6 10. Re1 O-O 11. Nh4 Bh7 12. e4 dxe4 13. Nxe4 Nxe4 14. Bxe4 Bxe4 15. Rxe4 Nf6 16. Re1 Qd7 17. Be3 Rfe8 18. Qf3 Nd5 19. a3 Re6 20. Qg2 Rae8 21. Nf5 Bf8 22. g4 g6 23. Ng3 Nxe3 24. Rxe3 Rxe3 25. fxe3 Rxe3 26. Qd2 Re8 27. g5 hxg5 28. Qxg5 Qxd4+ 29. Kh1 Qxb2 30. Rf1 Bg7 31. Rxf7 Kxf7 32. Qf4+ Qf6 33. Qc4+ Qe6 34. Qf1+ Kg8 35. Kg1 Qd5 36. Qb1 Bd4+ 0-1

[Event "Play for Durgesh Fundraiser Blitz"]
[Site "Vishy Anand Arena"]
[Date "2020.09.19"]
[Round "1"]
[White "vvalsaraju"]
[Black "AdeepKumar"]
[Result "1-0"]
[WhiteElo "1397"]
[BlackElo "1620"]
[Annotator "NA"]
[PlyCount "39"]
[EventDate "2020.09.19"]
[EventType "swiss (blitz)"]

1. e4 e5 2. f4 Nc6 3. Nf3 Bd6 4. Bc4 Nf6 5. Nc3 O-O 6. O-O Ng4 7. Ng5 Bc5+ 8. d4 Bxd4+ 9. Kh1 d6 10. f5 Qf6 11. Qxg4 Qh6 12. Nxf7 Rxf7 13. Bxf7+ Kxf7 14. Bxh6 gxh6 15. Qh5+ Kg7 16. Rf3 Bd7 17. Rg3+ Kf8 18. Qxh6+ Ke8 19. Rg8+ Ke7 20. Qg7# 1-0

[Event "Play for Durgesh Fundraiser Blitz"]
[Site "Vishy Anand Arena"]
[Date "2020.09.19"]
[Round "1"]
[White "Rockboss"]
[Black "Vishvajeet Singh"]
[Result "0-1"]
[WhiteElo "1387"]
[BlackElo "1585"]
[Annotator "NA"]
[PlyCount "138"]
[EventDate "2020.09.19"]
[EventType "swiss (blitz)"]

1. e4 c5 2. Nf3 e6 3. c3 d5 4. exd5 Qxd5 5. d4 Nf6 6. Bg5 Be7 7. Nbd2 cxd4 8. Bxf6 Bxf6 9. cxd4 Bxd4 10. Bc4 Qc5 11. Qa4+ Bd7 12. Qc2 Bxf2+ 13. Kd1 Nc6 14. Ne4 Nb4 15. Qxf2 Qxf2 16. Nxf2 Rd8 17. Ke2 O-O 18. a3 Nd5 19. Rhd1 Nf4+ 20. Kf1 b5 21. Bb3 a5 22. g3 Bc6 23. gxf4 Bxf3 24. Rxd8 Rxd8 25. Re1 a4 26. Bd1 Bd5 27. Nd3 Bc4 28. Be2 Bxd3 29. Bxd3 Rxd3 30. f5 Rd6 31. fxe6 Rxe6 32. Rd1 g6 33. Rd5 Rb6 34. Rd8+ Kg7 35. Rd5 h5 36. Ke2 f6 37. Ke3 Kh6 38. Kd4 g5 39. Rf5 Rd6+ 40. Kc5 Re6 41. Kxb5 Re5+ 42. Rxe5 fxe5 43. Kxa4 e4 44. b4 e3 45. b5 e2 46. b6 e1=Q 47. b7 Qd1+ 48. Ka5 Qd8+ 49. Ka6 Qb8 50. Kb6 g4 51. a4 h4 52. a5 g3 53. a6 Qd6+ 54. Ka7 Qd4+ 55. Ka8 Qd6 56. b8=Q Qxb8+ 57. Kxb8 gxh2 58. a7 h1=Q 59. a8=Q Qxa8+ 60. Kxa8 h3 61. Ka7 h2 62. Kb6 h1=Q 63. Kc7 Qh2+ 64. Kc6 Qh4 65. Kb5 Qg5+ 66. Kc4 Kg6 67. Kb4 Kf6 68. Kc3 Qe5+ 69. Kc4 Ke6 0-1

[Event "Play for Durgesh Fundraiser Blitz"]
[Site "Vishy Anand Arena"]
[Date "2020.09.19"]
[Round "1"]
[White "Palakchaurasia"]
[Black "Nachikethv"]
[Result "0-1"]
[WhiteElo "1382"]
[BlackElo "1620"]
[Annotator "NA"]
[PlyCount "28"]
[EventDate "2020.09.19"]
[EventType "swiss (blitz)"]

1. e4 e6 2. Nf3 d5 3. Bb5+ c6 4. Bd3 Nf6 5. Nc3 d4 6. Na4 b5 7. Nc5 Bxc5 8. c3 dxc3 9. dxc3 Ng4 10. O-O Qd6 11. Bg5 Ne5 12. Nxe5 Qxe5 13. Bd2 Bd6 14. h3 Qh2# 0-1

[Event "Play for Durgesh Fundraiser Blitz"]
[Site "Vishy Anand Arena"]
[Date "2020.09.19"]
[Round "1"]
[White "Asa0285"]
[Black "Sanjith S"]
[Result "0-1"]
[WhiteElo "1379"]
[BlackElo "1430"]
[Annotator "NA"]
[PlyCount "124"]
[EventDate "2020.09.19"]
[EventType "swiss (blitz)"]

1. e4 c5 2. Nf3 Nc6 3. d4 cxd4 4. Nxd4 d5 5. Bb5 e6 6. Nc3 Bd7 7. exd5 Nxd4 8. Bxd7+ Qxd7 9. Qxd4 Nf6 10. O-O exd5 11. Re1+ Be7 12. Bg5 O-O 13. Bxf6 Bxf6 14. Qxd5 Rfd8 15. Qxd7 Rxd7 16. Re3 Rc8 17. Rae1 g6 18. g3 Kg7 19. Kg2 Rdc7 20. Nd5 Rxc2 21. Nxf6 Kxf6 22. Rb3 b6 23. Ree3 Rd2 24. Rf3+ Kg7 25. Ra3 Rxb2 26. Rxa7 Rcc2 27. Rfxf7+ Kh6 28. Rxh7+ Kg5 29. h4+ Kf5 30. Rhf7+ Ke6 31. Rae7+ Kd6 32. Rd7+ Ke6 33. Ra7 Rxa2 34. Rxa2 Rxa2 35. Rb7 Rb2 36. Rg7 Kf6 37. Rc7 b5 38. Rc6+ Kf5 39. Rc5+ Kf6 40. Kf3 b4 41. g4 Rb1 42. Rc6+ Kf7 43. g5 b3 44. Rc7+ Kf8 45. Kf4 b2 46. Rb7 Rh1 47. Kg3 b1=Q 48. Rxb1 Rxb1 49. f4 Rb4 50. Kg4 Kf7 51. Kf3 Rb3+ 52. Kg4 Rb4 53. Kf3 Ke6 54. Kg4 Rc4 55. h5 gxh5+ 56. Kxh5 Kf5 57. g6 Rxf4 58. g7 Rg4 59. g8=Q Rxg8 60. Kh6 Kf6 61. Kh5 Rg1 62. Kh4 Kf5 0-1

[Event "Play for Durgesh Fundraiser Blitz"]
[Site "Vishy Anand Arena"]
[Date "2020.09.19"]
[Round "1"]
[White "Kakashi Hatake"]
[Black "Evilgenuisfanop2"]
[Result "1-0"]
[WhiteElo "1368"]
[BlackElo "1620"]
[Annotator "NA"]
[PlyCount "45"]
[EventDate "2020.09.19"]
[EventType "swiss (blitz)"]

1. e4 e5 2. Bc4 Bc5 3. Bxf7+ Kxf7 4. Qh5+ Kf8 5. Nf3 Nc6 6. Nc3 Nf6 7. Qg5 Nd4 8. Nxd4 exd4 9. Qxc5+ d6 10. Qa3 dxc3 11. dxc3 Nxe4 12. Be3 Qe7 13. O-O-O Bd7 14. Bd4 c5 15. f3 cxd4 16. fxe4 dxc3 17. Qxc3 Qxe4 18. Rhf1+ Kg8 19. Rde1 Qxg2 20. Qb3+ d5 21. Qxb7 Rc8 22. Qxc8+ Bxc8 23. Re8# 1-0

[Event "Play for Durgesh Fundraiser Blitz"]
[Site "Vishy Anand Arena"]
[Date "2020.09.19"]
[Round "1"]
[White "Prashanth_k01"]
[Black "SAIPRAKASHREDDY"]
[Result "1-0"]
[WhiteElo "1353"]
[BlackElo "1222"]
[Annotator "NA"]
[PlyCount "75"]
[EventDate "2020.09.19"]
[EventType "swiss (blitz)"]

1. d4 d5 2. Nf3 Nf6 3. e3 Bf5 4. Bd3 e6 5. O-O Nc6 6. Bxf5 exf5 7. Nbd2 Ne4 8. c4 dxc4 9. Nxe4 fxe4 10. Nd2 Qf6 11. Nxe4 Qf5 12. Ng3 Qg6 13. e4 O-O-O 14. Qa4 a6 15. d5 Nb4 16. Bd2 Nd3 17. Qxc4 Nxb2 18. Qb3 Qf6 19. Rab1 Nd3 20. Qxd3 g6 21. Qb3 b5 22. a4 Kd7 23. axb5 Rb8 24. Qa4 Bd6 25. bxa6+ c6 26. Rfc1 Rxb1 27. Qxc6+ Kd8 28. Rxb1 Bxg3 29. hxg3 Qxc6 30. dxc6 h5 31. Rb8+ Kc7 32. Rxh8 Kxc6 33. a7 Kb5 34. a8=Q Kc4 35. Rd8 Kb3 36. Qc6 Kb2 37. Rb8+ Ka3 38. Qa6# 1-0

[Event "Play for Durgesh Fundraiser Blitz"]
[Site "Vishy Anand Arena"]
[Date "2020.09.19"]
[Round "1"]
[White "Aryaman_tickoo"]
[Black "Skipper_chess"]
[Result "0-1"]
[WhiteElo "1334"]
[BlackElo "1617"]
[Annotator "NA"]
[PlyCount "110"]
[EventDate "2020.09.19"]
[EventType "swiss (blitz)"]

1. e4 e5 2. Nf3 Nc6 3. Bc4 Bc5 4. b4 Bxb4 5. c3 Be7 6. d4 d6 7. Qb3 Na5 8. Qa4+ c6 9. Ba3 Nxc4 10. Qxc4 Be6 11. d5 cxd5 12. exd5 Bd7 13. Bc1 Nf6 14. O-O Qc8 15. Nbd2 Qxc4 16. Nxc4 Rc8 17. Na5 Nxd5 18. Nxb7 Rb8 19. Na5 Nxc3 20. Bd2 Nd5 21. Bg5 Bxg5 22. Nxg5 O-O 23. Nf3 Bg4 24. Nd2 Rfc8 25. Nac4 Be2 26. Rfe1 Bxc4 27. Nxc4 Rxc4 28. Rad1 Nc3 29. Rxd6 f6 30. Rc1 Re4 31. h3 Ne2+ 32. Kh1 Nxc1 33. Rc6 Re1+ 34. Kh2 g6 35. Kg3 f5 36. Re6 Kf7 37. Ra6 Nd3 38. Rxa7+ Kg8 39. h4 Ra1 40. a4 Nc5 41. a5 Nb3 42. a6 Nc5 43. f4 Rxa6 44. Rc7 Ne4+ 45. Kf3 exf4 46. Kxf4 Rb4 47. Ke5 Rb5+ 48. Kf4 Ra4 49. Rc8+ Kg7 50. Rc7+ Kh6 51. g4 Ng5+ 52. Kg3 Rb3+ 53. Kf2 Ra2+ 54. Ke1 Rb1+ 55. Rc1 Rxc1# 0-1

[Event "Play for Durgesh Fundraiser Blitz"]
[Site "Vishy Anand Arena"]
[Date "2020.09.19"]
[Round "1"]
[White "Avibhat"]
[Black "Warriorniko"]
[Result "1-0"]
[WhiteElo "1332"]
[BlackElo "1453"]
[Annotator "NA"]
[PlyCount "57"]
[EventDate "2020.09.19"]
[EventType "swiss (blitz)"]

1. d4 d5 2. Nc3 Nf6 3. Nf3 g6 4. Bf4 Bg7 5. e3 O-O 6. Bd3 Nc6 7. Qe2 Re8 8. O-O-O e6 9. Ne5 Nxe5 10. Bxe5 Ne4 11. Bxe4 dxe4 12. Nxe4 Bxe5 13. dxe5 Qe7 14. Nf6+ Kg7 15. Nxe8+ Qxe8 16. Qc4 Bd7 17. Qf4 Bc6 18. f3 a6 19. Qf6+ Kg8 20. h4 Qf8 21. h5 Qh6 22. hxg6 Qxe3+ 23. Kb1 fxg6 24. Qxe6+ Kg7 25. Qe7+ Kg8 26. Qxh7+ Kf8 27. Qh8+ Kf7 28. Qf6+ Ke8 29. Rh8# 1-0

[Event "Play for Durgesh Fundraiser Blitz"]
[Site "Vishy Anand Arena"]
[Date "2020.09.19"]
[Round "1"]
[White "Onkar Charpilwar"]
[Black "Position"]
[Result "0-1"]
[WhiteElo "1308"]
[BlackElo "2160"]
[Annotator "NA"]
[PlyCount "66"]
[EventDate "2020.09.19"]
[EventType "swiss (blitz)"]

1. e4 c5 2. Nf3 d6 3. d4 cxd4 4. Nxd4 Nf6 5. Nc3 a6 6. Be3 e6 7. f3 Qc7 8. Bc4 Qxc4 9. a3 Be7 10. h3 O-O 11. Qd2 Nbd7 12. g4 Ne5 13. h4 Qxd4 14. Bxd4 Nxf3+ 15. Ke2 Nxd2 16. Kxd2 Nxg4 17. Rag1 Ne5 18. h5 Nf3+ 19. Ke3 Nxg1 20. Rxg1 e5 21. Bb6 Be6 22. Nd5 Bxd5 23. exd5 f5 24. h6 g5 25. Kd3 Rac8 26. Bf2 e4+ 27. Kd2 f4 28. Bh4 Rf5 29. c3 Rxd5+ 30. Kc2 Kf7 31. Re1 gxh4 32. Rxe4 Rf5 33. Rxf4 Rxf4 0-1

[Event "Play for Durgesh Fundraiser Blitz"]
[Site "Vishy Anand Arena"]
[Date "2020.09.19"]
[Round "1"]
[White "Conqueror007"]
[Black "Attacker_97"]
[Result "0-1"]
[WhiteElo "1290"]
[BlackElo "1995"]
[Annotator "NA"]
[PlyCount "50"]
[EventDate "2020.09.19"]
[EventType "swiss (blitz)"]

1. d4 Nf6 2. c4 g6 3. Nc3 Bg7 4. e4 d6 5. Nf3 O-O 6. Be2 e5 7. O-O Nc6 8. d5 Ne7 9. h3 Nd7 10. Be3 h6 11. Qd2 Kh7 12. Nh2 f5 13. f4 exf4 14. Bxf4 Ne5 15. Nf3 Nf7 16. Nh4 g5 17. Bg3 gxh4 18. Bxh4 Qe8 19. Bd3 Ne5 20. Bc2 Kh8 21. exf5 Nxf5 22. Bxf5 Bxf5 23. g4 Qg6 24. Kh2 Bd3 25. Rf4 Nf3+ 0-1

[Event "Play for Durgesh Fundraiser Blitz"]
[Site "Vishy Anand Arena"]
[Date "2020.09.19"]
[Round "1"]
[White "Vhjoshi"]
[Black "Ruhikansb"]
[Result "1-0"]
[WhiteElo "1278"]
[BlackElo "1254"]
[Annotator "NA"]
[PlyCount "151"]
[EventDate "2020.09.19"]
[EventType "swiss (blitz)"]

1. d4 d5 2. c4 dxc4 3. Nc3 Nf6 4. Bf4 Nc6 5. e3 e6 6. Bxc4 Bd6 7. Bxd6 cxd6 8. Nf3 O-O 9. O-O Na5 10. Bd3 e5 11. dxe5 dxe5 12. Nxe5 Qd6 13. Nf3 b6 14. Ne4 Nxe4 15. Bxe4 Qxd1 16. Rfxd1 Rb8 17. b4 Nc4 18. Rac1 Nb2 19. Rd2 Na4 20. Nd4 Re8 21. Bf3 Bb7 22. Bxb7 Rxb7 23. h3 h6 24. a3 a5 25. b5 Nc5 26. Nc6 Ne4 27. Rd4 Ng5 28. a4 h5 29. h4 Ne6 30. Rd2 Nc5 31. Rd4 Nb3 32. Rcc4 Nxd4 33. Rxd4 Rc7 34. g3 Kh7 35. Kg2 Kh6 36. e4 g5 37. hxg5+ Kxg5 38. f3 h4 39. Kh3 hxg3 40. Kxg3 Rg8 41. Kf2 Kf4 42. e5+ Kf5 43. Ke3 Rg3 44. Rf4+ Kg5 45. Re4 Rd7 46. e6 fxe6 47. Rxe6 Rd5 48. Re4 Rf5 49. Nd4 Rf7 50. Kf2 Rh3 51. Kg2 Rh6 52. Rg4+ Kf6 53. Nc6 Rg6 54. Rxg6+ Kxg6 55. Kf2 Rd7 56. Ne5+ Kf5 57. Nxd7 Ke6 58. Nxb6 Kd6 59. Nc4+ Kc5 60. Nxa5 Kb4 61. Nc6+ Kxa4 62. Ke3 Kxb5 63. Ke4 Kxc6 64. Ke5 Kc5 65. Ke6 Kd4 66. f4 Ke4 67. f5 Kf4 68. f6 Kg5 69. f7 Kf4 70. f8=Q+ Ke3 71. Qf5 Kd2 72. Qe5 Kc2 73. Qf4 Kb3 74. Qf3+ Kc4 75. Qe4+ Kb5 76. Qd4 1-0

[Event "Play for Durgesh Fundraiser Blitz"]
[Site "Vishy Anand Arena"]
[Date "2020.09.19"]
[Round "1"]
[White "Nithin2107"]
[Black "Nilaykumar2020"]
[Result "1-0"]
[WhiteElo "1248"]
[BlackElo "1620"]
[Annotator "NA"]
[PlyCount "43"]
[EventDate "2020.09.19"]
[EventType "swiss (blitz)"]

1. e4 c5 2. Nf3 d6 3. d4 cxd4 4. Nxd4 Nf6 5. Nc3 g6 6. Be3 Bg7 7. f3 O-O 8. Qd2 Bd7 9. Bc4 Nc6 10. O-O-O Rc8 11. Bb3 a6 12. g4 Ne5 13. Rhg1 b5 14. Nf5 Bxf5 15. gxf5 Nxf3 16. Qg2 Nxg1 17. Rxg1 b4 18. fxg6 hxg6 19. Qxg6 Nh5 20. Qxh5 bxc3 21. Qh6 cxb2+ 22. Kb1 1-0

[Event "Play for Durgesh Fundraiser Blitz"]
[Site "Vishy Anand Arena"]
[Date "2020.09.19"]
[Round "1"]
[White "Bhabnish7"]
[Black "maddy_ducky"]
[Result "0-1"]
[WhiteElo "1239"]
[BlackElo "1327"]
[Annotator "NA"]
[PlyCount "100"]
[EventDate "2020.09.19"]
[EventType "swiss (blitz)"]

1. e4 e5 2. Nf3 Nc6 3. Bc4 Bc5 4. c3 Nf6 5. d3 d6 6. O-O a6 7. Re1 Ba7 8. a4 h6 9. d4 exd4 10. cxd4 O-O 11. Nc3 Re8 12. h3 Ne7 13. Bb3 Ng6 14. e5 dxe5 15. dxe5 Qxd1 16. Rxd1 Nxe5 17. Nxe5 Rxe5 18. Rd8+ Re8 19. Rxe8+ Nxe8 20. Bf4 Bf5 21. Re1 Rd8 22. Re7 Be6 23. Bxe6 fxe6 24. Bxc7 Rc8 25. Be5 Rb8 26. Bxb8 Bxb8 27. Rxe8+ Kf7 28. Rxb8 Kf6 29. Rxb7 e5 30. Rb6+ Kf5 31. Rxa6 g5 32. Rxh6 Kf4 33. a5 e4 34. a6 e3 35. fxe3+ Kxe3 36. Re6+ Kd2 37. a7 Kc2 38. a8=Q Kc1 39. Qb8 Kc2 40. Rd6 Kc1 41. Qc7 Kc2 42. Ne4+ Kb3 43. Rd3+ Ka2 44. Qa7+ Kb1 45. Rd1+ Kc2 46. Qd4 Kb3 47. Rd3+ Ka2 48. Qa4+ Kb1 49. Qd1+ Ka2 50. Ra3+ Kxb2 0-1

[Event "Play for Durgesh Fundraiser Blitz"]
[Site "Vishy Anand Arena"]
[Date "2020.09.19"]
[Round "1"]
[White "AshokJV"]
[Black "H809"]
[Result "0-1"]
[WhiteElo "1209"]
[BlackElo "1620"]
[Annotator "NA"]
[PlyCount "88"]
[EventDate "2020.09.19"]
[EventType "swiss (blitz)"]

1. e4 e5 2. Nf3 Nc6 3. Bb5 a6 4. Bxc6 dxc6 5. O-O Bd6 6. d3 Nf6 7. Bg5 O-O 8. Nc3 h6 9. Bxf6 Qxf6 10. Qe2 Bg4 11. Qe3 b6 12. a3 Bc5 13. Qe2 Bxf3 14. Qxf3 Qxf3 15. gxf3 Rfe8 16. Rfe1 Re6 17. Kf1 Rg6 18. Ke2 Rd8 19. Rf1 Rg2 20. b4 Bd4 21. Kd2 Rxf2+ 22. Rxf2 Bxf2 23. Rf1 Bd4 24. Ne2 c5 25. c3 cxb4 26. cxd4 exd4 27. axb4 Rd6 28. Rc1 c6 29. Kc2 Kf8 30. Kb3 Ke7 31. Rc4 Ke6 32. Nxd4+ Kd7 33. e5 Rg6 34. f4 Rg1 35. Nc2 Rb1+ 36. Kc3 b5 37. Rc5 Rh1 38. Kd4 Rxh2 39. Ne3 Rh4 40. Ke4 g5 41. Nf5 Rxf4+ 42. Ke3 Rxf5 43. Ke4 Rf4+ 44. Ke3 Rxb4 0-1

[Event "Play for Durgesh Fundraiser Blitz"]
[Site "Vishy Anand Arena"]
[Date "2020.09.19"]
[Round "1"]
[White "RuchirNSB"]
[Black "PowerPufGirl"]
[Result "1-0"]
[WhiteElo "1159"]
[BlackElo "1620"]
[Annotator "NA"]
[PlyCount "23"]
[EventDate "2020.09.19"]
[EventType "swiss (blitz)"]

1. e4 d5 2. exd5 Qxd5 3. Nc3 Qd8 4. Nf3 a6 5. Bc4 h6 6. Ne5 e6 7. Qf3 Nf6 8. O-O Bd6 9. Ng4 Nxg4 10. Qxg4 e5 11. Qxg7 Rg8 12. Qxf7# 1-0

[Event "Play for Durgesh Fundraiser Blitz"]
[Site "Vishy Anand Arena"]
[Date "2020.09.19"]
[Round "1"]
[White "Sidhurajesh"]
[Black "Prathameshb"]
[Result "1-0"]
[WhiteElo "1117"]
[BlackElo "1620"]
[Annotator "NA"]
[PlyCount "51"]
[EventDate "2020.09.19"]
[EventType "swiss (blitz)"]

1. e4 c5 2. d4 d6 3. Nf3 Nf6 4. Bd3 Nc6 5. d5 Ne5 6. Nxe5 dxe5 7. c4 e6 8. Nc3 exd5 9. exd5 e4 10. Nxe4 Bg4 11. Nxf6+ gxf6 12. Qxg4 Qa5+ 13. Bd2 Qb6 14. b3 Bd6 15. O-O f5 16. Rfe1+ Kd8 17. Qxf5 Be7 18. Qxf7 Qf6 19. Qxf6 Bxf6 20. Rad1 Rg8 21. Re6 Kc8 22. Rxf6 Kc7 23. d6+ Kb6 24. d7+ Kc7 25. Rf7 Rgf8 26. Bf4+ 1-0

[Event "Play for Durgesh Fundraiser Blitz"]
[Site "Vishy Anand Arena"]
[Date "2020.09.19"]
[Round "1"]
[White "SudiNarayana"]
[Black "Arjunkalyan"]
[Result "0-1"]
[WhiteElo "1077"]
[BlackElo "2317"]
[PlyCount "60"]
[EventDate "2020.09.19"]
[EventType "swiss (blitz)"]

1. e4 e5 2. Nf3 Nc6 3. Bc4 Bc5 4. c3 Nf6 5. d3 d6 6. b4 Bb6 7. Nbd2 O-O 8. d4 exd4 9. cxd4 Nxd4 10. Nxd4 Bxd4 11. O-O Bxa1 12. h3 Re8 13. Re1 Be6 14. Bxe6 Rxe6 15. Ba3 Bc3 16. Bc1 Bxb4 17. Re3 Qe7 18. Nb3 Rxe4 19. Rxe4 Qxe4 20. Qf1 Re8 21. Nc5 dxc5 22. Qd1 Qe1+ 23. Qxe1 Rxe1+ 24. Kh2 Rxc1 25. h4 Rc2 26. h5 Rxa2 27. h6 gxh6 28. g3 c4 29. g4 c3 30. g5 hxg5 0-1

[Event "Play for Durgesh Fundraiser Blitz"]
[Site "Vishy Anand Arena"]
[Date "2020.09.19"]
[Round "1"]
[White "Queenbee1"]
[Black "RIJUD"]
[Result "0-1"]
[WhiteElo "940"]
[BlackElo "1114"]
[Annotator "NA"]
[PlyCount "64"]
[EventDate "2020.09.19"]
[EventType "swiss (blitz)"]

1. e4 c5 2. Nf3 d6 3. d4 cxd4 4. Nxd4 Nc6 5. Nc3 e6 6. Be3 Be7 7. Qd2 Nf6 8. Bd3 O-O 9. O-O-O a6 10. h4 Bd7 11. Rdg1 b5 12. g4 Nxd4 13. Bxd4 e5 14. Be3 b4 15. Nb1 a5 16. g5 Nh5 17. Qe2 g6 18. c3 Rc8 19. Rf1 bxc3 20. Nxc3 Rc7 21. Bb6 Rxc3+ 22. bxc3 Qa8 23. Be3 Rc8 24. Kd2 a4 25. Qd1 Rb8 26. f4 Rb2+ 27. Kc1 Rb7 28. fxe5 dxe5 29. Qf3 Be8 30. Qe2 Qb8 31. Kd2 Rb2+ 32. Kd1 Rxe2 0-1

[Event "Play for Durgesh Fundraiser Blitz"]
[Site "Vishy Anand Arena"]
[Date "2020.09.19"]
[Round "2"]
[White "Babysnake"]
[Black "MirageFafnir"]
[Result "1-0"]
[WhiteElo "2528"]
[BlackElo "1620"]
[Annotator "TA"]
[PlyCount "81"]
[EventDate "2020.09.19"]
[EventType "swiss (blitz)"]

1. Nf3 Nf6 2. d4 e6 3. Bg5 b5 4. Nbd2 h6 5. Bh4 g5 6. Bg3 Bb7 7. e3 a6 8. c3 d6 9. Bd3 Nbd7 10. O-O Bg7 11. e4 Nh5 12. Re1 e5 13. dxe5 Nxg3 14. hxg3 dxe5 15. Nf1 O-O 16. Bc2 Qe7 17. Ne3 Nc5 18. Nf5 Qf6 19. Nh2 Rfe8 20. Qh5 Qg6 21. Qf3 Re6 22. Rad1 h5 23. g4 h4 24. Nf1 Bf8 25. N1e3 Ree8 26. g3 hxg3 27. Nxg3 Rad8 28. Kg2 a5 29. Nef5 Ne6 30. Nh5 Nf4+ 31. Nxf4 exf4 32. Rxd8 Rxd8 33. Rh1 Rd2 34. Qh3 Bg7 35. Ne7+ Kf8 36. Nxg6+ fxg6 37. Bd3 Rxb2 38. Rd1 Bxc3 39. Qh6+ Bg7 40. Qxg5 Bd4 41. Qd8+ 1-0

[Event "Play for Durgesh Fundraiser Blitz"]
[Site "Vishy Anand Arena"]
[Date "2020.09.19"]
[Round "2"]
[White "STRANGE"]
[Black "An_2356"]
[Result "0-1"]
[WhiteElo "2444"]
[BlackElo "1620"]
[Annotator "NA"]
[PlyCount "38"]
[EventDate "2020.09.19"]
[EventType "swiss (blitz)"]

1. Nf3 d5 2. c4 e6 3. e3 Nf6 4. Nc3 c5 5. cxd5 exd5 6. d4 c4 7. Bd2 Nc6 8. b3 cxb3 9. axb3 Bb4 10. Bd3 O-O 11. O-O a6 12. h3 Be6 13. Na4 Bxd2 14. Qxd2 b6 15. Rfc1 Na5 16. Qb4 Nd7 17. Nxb6 Qxb6 18. Qxb6 Nxb6 19. Rxa5 Rfc8 0-1

[Event "Play for Durgesh Fundraiser Blitz"]
[Site "Vishy Anand Arena"]
[Date "2020.09.19"]
[Round "2"]
[White "Arjunkalyan"]
[Black "Sohammdh"]
[Result "1-0"]
[WhiteElo "2317"]
[BlackElo "1711"]
[PlyCount "61"]
[EventDate "2020.09.19"]
[EventType "swiss (blitz)"]

1. e4 c5 2. Nf3 d6 3. d4 cxd4 4. Nxd4 Nf6 5. Nc3 a6 6. Bd3 e5 7. Nde2 Be6 8. O-O Nbd7 9. f4 exf4 10. Nxf4 Be7 11. Ncd5 O-O 12. c4 Bxd5 13. exd5 Ne5 14. b3 Qb6+ 15. Kh1 Qd4 16. Bxh7+ Kxh7 17. Qxd4 Neg4 18. h3 Ne5 19. Bb2 Nfd7 20. Nd3 Bf6 21. Nxe5 Bxe5 22. Qh4+ Kg8 23. Bxe5 Nxe5 24. Rae1 Rae8 25. Re3 Ng6 26. Qg3 Kh7 27. Rfe1 Rxe3 28. Rxe3 f5 29. Qxd6 f4 30. Re6 Nh4 31. Qxf8 1-0

[Event "Play for Durgesh Fundraiser Blitz"]
[Site "Vishy Anand Arena"]
[Date "2020.09.19"]
[Round "2"]
[White "Boobyfisher"]
[Black "Aaryan Varshney"]
[Result "1-0"]
[WhiteElo "2246"]
[BlackElo "2154"]
[PlyCount "85"]
[EventDate "2020.09.19"]
[EventType "swiss (blitz)"]

1. b3 e5 2. Bb2 Nc6 3. g3 Nf6 4. Bg2 d5 5. e3 Bd6 6. Ne2 O-O 7. d3 Be6 8. Nd2 Qd7 9. h3 Rad8 10. g4 h6 11. Ng3 Qe7 12. Qe2 Ba3 13. Bxa3 Qxa3 14. O-O Rfe8 15. c3 a5 16. Qd1 Qc5 17. Qc1 Bc8 18. a3 Qd6 19. b4 b6 20. d4 Ba6 21. Re1 exd4 22. cxd4 axb4 23. axb4 Nxb4 24. Qc3 c5 25. Nf5 Qc6 26. Rec1 Rc8 27. Nf3 Ne4 28. Qa3 Bb7 29. dxc5 bxc5 30. N3d4 Qb6 31. Nc2 Nxc2 32. Rxc2 Ra8 33. Qc1 Rxa1 34. Qxa1 d4 35. exd4 cxd4 36. Qxd4 Qb1+ 37. Kh2 Nf6 38. Rb2 Qc1 39. Rxb7 Qc8 40. Nxh6+ gxh6 41. Qxf6 Re6 42. Qxf7+ Kh8 43. Qg7# 1-0

[Event "Play for Durgesh Fundraiser Blitz"]
[Site "Vishy Anand Arena"]
[Date "2020.09.19"]
[Round "2"]
[White "KananGarayev"]
[Black "SatvikCV"]
[Result "1-0"]
[WhiteElo "2232"]
[BlackElo "1519"]
[PlyCount "99"]
[EventDate "2020.09.19"]
[EventType "swiss (blitz)"]

1. d4 d5 2. Bf4 Nc6 3. e3 Nf6 4. Nf3 Bf5 5. c3 e6 6. Nbd2 Be7 7. Ne5 Nxe5 8. Bxe5 O-O 9. Be2 Ne4 10. g4 Bg6 11. Nxe4 Bxe4 12. f3 Bh4+ 13. Bg3 Bxg3+ 14. hxg3 Bg6 15. Kf2 h6 16. Bd3 Bxd3 17. Qxd3 Qf6 18. Rh5 Qg6 19. Qxg6 fxg6 20. Re5 Rae8 21. f4 g5 22. Ke2 gxf4 23. gxf4 b6 24. Rh1 c5 25. g5 hxg5 26. Rxg5 Kf7 27. Rhg1 Rg8 28. Kd3 c4+ 29. Ke2 Kf6 30. Rg6+ Kf7 31. a4 Ke7 32. Rxg7+ Rxg7 33. Rxg7+ Kd6 34. Rxa7 Kc6 35. Rg7 b5 36. axb5+ Kxb5 37. f5 exf5 38. Rf7 Ka4 39. Rxf5 Kb3 40. Rxd5 Kxb2 41. Kd2 Kb3 42. Rb5+ Ka4 43. Rb4+ Ka5 44. Rxc4 Rb8 45. Kd3 Kb5 46. Rc5+ Ka4 47. e4 Kb3 48. e5 Rg8 49. d5 Rg3+ 50. Ke4 1-0

[Event "Play for Durgesh Fundraiser Blitz"]
[Site "Vishy Anand Arena"]
[Date "2020.09.19"]
[Round "2"]
[White "Kaustuv Kundu"]
[Black "Ahaanmehta"]
[Result "1-0"]
[WhiteElo "2215"]
[BlackElo "1620"]
[PlyCount "73"]
[EventDate "2020.09.19"]
[EventType "swiss (blitz)"]

1. Nf3 d5 2. c4 dxc4 3. e4 Nc6 4. Bxc4 e5 5. O-O Nf6 6. d4 exd4 7. e5 Nd7 8. e6 fxe6 9. Bxe6 Be7 10. Re1 Nc5 11. Bxc8 Rxc8 12. b4 Nxb4 13. Ba3 Nba6 14. Qe2 O-O 15. Qxe7 Qxe7 16. Rxe7 Rfe8 17. Rxe8+ Rxe8 18. Nbd2 Ne6 19. Re1 c6 20. Nxd4 Kf7 21. Nf5 Rd8 22. Nf3 Nac7 23. Nd6+ Kf6 24. Nxb7 Nd5 25. Nxd8 Nxd8 26. Bc5 Ne6 27. Bxa7 Nef4 28. g3 Nd3 29. Bd4+ Kf5 30. Re8 N5b4 31. Nh4+ Kg5 32. f4+ Kg4 33. Kg2 c5 34. h3+ Kh5 35. Bxg7 c4 36. g4+ Kxh4 37. Bf6# 1-0